000 00466nam a22001817a 4500
003 DO-SdBNP
005 20180319094456.0
008 180319b1989 ck||||| |||| 00| 0 spa d
020 _a9580407975
040 _aBPMSU
_bspa
_cBPMSU
100 _aMcClymont, Diane
245 _aLos libros
_cDiane MacClymont
260 _aBogotá :
_bNorma
_c1989
300 _a30 p.
_bil.
_c25 cm
942 _2ddc
_cBK
945 _ainventariado, 2018 / dg
956 _adgarcia
_b10
999 _c13358
_d13358